| 000 | 01044cam a2200229 4500 | ||
|---|---|---|---|
| 001 | WB3815-09 | ||
| 008 | 020424n2002 000 0 eng u | ||
| 035 | _a(Sirsi) u117661 | ||
| 245 | _aM25 vacancies at six-year high | ||
| 260 | _c2002 | ||
| 490 |
_aEstates Gazette _v(0216) 20 April 2002, 27(1) |
||
| 520 | _aAccording to Knight Frank's latest quarterly report, the M25 vacancy rate rose to 6.7% during the 1Q of 2002, its highest level since December 1995. Knight Frank believe the increase in availability has been driven by the supply of new space, which has grown by more than a third to 1.9m sq ft since the end of 2001. During the same period the volume of space under construction fell by 24% to 3.8m sq ft. Knight Frank website http://www.knightfrank.com | ||
| 590 | _aWB | ||
| 650 | _aKNIGHT FRANK | ||
| 650 | _aOFFICE SPACE | ||
| 650 | _aVACANCY RATES | ||
| 650 | _aM25 | ||
| 650 | _aOCCUPIER MARKETS | ||
| 650 | _aOFFICE OCCUPIERS | ||
| 690 | _aPROPERTY-COMMERCIAL PROPERTY-COMMERCIAL PROPERTY MARKET | ||
| 942 | _n0 | ||
| 999 |
_c70061 _d70061 |
||